[Event "Zuerich op-B 39th"]
[Site "Zuerich"]
[Date "2015.12.27"]
[Round "2"]
[White "Bachofner, Stephan"]
[Black "Angst, Oliver"]
[Result "0-1"]
[WhiteElo "1871"]
[BlackElo "1749"]
[PlyCount "122"]
[EventDate "2015.12.26"]
[EventType "swiss"]
[EventRounds "7"]
[EventCountry "SUI"]
[SourceTitle "CBM 170 Extra"]
[Source "ChessBase"]
[SourceDate "2016.02.25"]
[SourceVersion "1"]
[SourceVersionDate "2016.02.25"]
[SourceQuality "1"]

1. f4 d5 2. Nf3 g6 3. g3 Bg7 4. Bg2 Nf6 5. 0-0 0-0 6. c3 c5 7. d3 Nc6 8. Na3 Bg4 9. Qe1 Qc8 10. Nc2 Bh3 11. e4 Bxg2 12. Kxg2 dxe4 13. dxe4 e5 14. fxe5 Ng4 15. Bf4 Ngxe5 16. Nxe5 Nxe5 17. Bxe5 Bxe5 18. Ne3 Qc6 19. Nd5 Qe6 20. Rd1 Rae8 21. Kg1 f5 22. exf5 Rxf5 23. Rxf5 Qxf5 24. Qf2 Qxf2+ 25. Kxf2 Kf7 26. Ne3 Bf6 27. Rd5 Rd8 28. Rxd8 Bxd8 29. h4 Ke6 30. Kf3 h6 31. b3 b5 32. Ke4 Bc7 33. g4 h5 34. gxh5 gxh5 35. Nf5 Be5 36. c4 bxc4 37. bxc4 Bf6 38. Ng3 Bxh4 39. Nxh5 Kd6 40. Ng7 Kc6 41. Nf5 Bf2 42. Ke5 Bg1 43. Ke6 Bf2 44. Ne7+ Kc7 45. Kd5 Bg1 46. Nc6 Kb6 47. a4 Bf2 48. Nd8 Ka5 49. Nb7+ Kb4 50. Nd6 a5 51. Ne4 Bg1 52. Kc6 Kxc4 53. Kb6 Kb4 54. Kc6 Kxa4 55. Nc3+ Kb3 56. Ne2 Bd4 57. Kb5 a4 58. Nc1+ Kc2 59. Na2 Kb2 60. Nb4 cxb4 61. Kxb4 a3 0-1

[Event "Lenk op"]
[Site "Lenk"]
[Date "2011.04.25"]
[Round "7"]
[White "Bachofner, Stephan"]
[Black "Emmott, Steven Newman"]
[Result "0-1"]
[WhiteElo "1904"]
[BlackElo "1843"]
[PlyCount "68"]
[EventDate "2011.04.21"]
[EventType "swiss"]
[EventRounds "7"]
[EventCountry "SUI"]
[SourceTitle "CBM 142 Extra"]
[Source "ChessBase"]
[SourceDate "2011.06.27"]
[SourceVersion "1"]
[SourceVersionDate "2011.06.27"]
[SourceQuality "1"]

1. f4 b6 2. e4 Bb7 3. Nc3 e6 4. d4 Bb4 5. Bd3 Qh4+ 6. g3 Qe7 7. Bd2 f5 8. Qe2 Nf6 9. a3 Bxc3 10. Bxc3 fxe4 11. Bc4 d5 12. Bb5+ c6 13. Ba4 0-0 14. b4 Rc8 15. Nh3 c5 16. 0-0 cxd4 17. Bxd4 Nc6 18. Bxc6 Rxc6 19. f5 e5 20. Bb2 d4 21. Ng5 Rac8 22. Rac1 Qd7 23. Ne6 Rxe6 24. fxe6 Qxe6 25. g4 e3 26. h3 Qd5 27. Qh2 Qe4 28. Rf5 Nxg4 29. hxg4 Qxg4+ 30. Kf1 Qxf5+ 31. Ke1 Rf8 32. Qe2 Qh3 33. Qc4+ Kh8 34. Ke2 Qf3+ 0-1

[Event "Lenk op"]
[Site "Lenk"]
[Date "2011.04.21"]
[Round "1"]
[White "Bachofner, Stephan"]
[Black "Gerber, Richard"]
[Result "0-1"]
[WhiteElo "1904"]
[BlackElo "2393"]
[PlyCount "39"]
[EventDate "2011.04.21"]
[EventType "swiss"]
[EventRounds "7"]
[EventCountry "SUI"]
[SourceTitle "CBM 142 Extra"]
[Source "ChessBase"]
[SourceDate "2011.06.27"]
[SourceVersion "1"]
[SourceVersionDate "2011.06.27"]
[SourceQuality "1"]

1. f4 Nf6 2. Nf3 g6 3. g3 Bg7 4. Bg2 0-0 5. 0-0 c5 6. d4 cxd4 7. Nxd4 d5 8. c3 Nc6 9. Nxc6 bxc6 10. Be3 Rb8 11. b3 Qc7 12. Nd2 Ng4 13. Bd4 Bxd4+ 14. cxd4 Ne3 15. Qc1 Nxf1 16. Kxf1 Ba6 17. Bxd5 Rfd8 18. Bc4 Qa5 19. e3 c5 20. d5 0-1

[Event "Lenk op 21st"]
[Site "Lenk"]
[Date "2009.04.09"]
[Round "1"]
[White "Lehmann, Andreas"]
[Black "Bachofner, Stephan"]
[Result "1-0"]
[WhiteElo "2273"]
[BlackElo "1967"]
[PlyCount "49"]
[EventDate "2009.04.09"]
[EventType "swiss"]
[EventRounds "7"]
[EventCountry "SUI"]
[SourceTitle "CBM 130 Extra"]
[Source "ChessBase"]
[SourceDate "2009.07.02"]
[SourceVersion "2"]
[SourceVersionDate "2009.07.15"]
[SourceQuality "1"]

1. e4 d6 2. d4 Nf6 3. Nc3 c6 4. Nf3 Nbd7 5. e5 dxe5 6. dxe5 Ng4 7. e6 fxe6 8. Ng5 Nde5 9. Qxd8+ Kxd8 10. h3 Nf6 11. f4 Ng6 12. Nf7+ Kc7 13. Nxh8 Nxh8 14. Bd2 Nf7 15. 0-0-0 g6 16. Bc4 Nd6 17. Bd3 b6 18. g4 Bg7 19. Rhe1 Kd7 20. Re2 c5 21. Rde1 Ke8 22. Nb5 Nd5 23. Nxd6+ exd6 24. Be4 Bb7 25. c4 1-0

[Event "SUI-ch Hauptturnier II"]
[Site "Graechen"]
[Date "1999.??.??"]
[Round "4"]
[White "Bissig, Martin"]
[Black "Bachofner, Stephan"]
[Result "1-0"]
[WhiteElo "1685"]
[BlackElo "1605"]
[PlyCount "49"]
[EventDate "1999.07.??"]
[EventType "swiss"]
[EventRounds "7"]
[EventCountry "SUI"]
[SourceTitle "EXT 2002"]
[Source "ChessBase"]
[SourceDate "2001.11.25"]
[SourceVersion "1"]
[SourceVersionDate "2001.11.25"]
[SourceQuality "1"]

1. e4 g6 2. f4 Bg7 3. d4 d6 4. c3 e6 5. Nf3 Ne7 6. Nbd2 Nbc6 7. Bd3 d5 8. e5 Bd7 9. 0-0 0-0 10. b3 a6 11. Ba3 Na7 12. c4 dxc4 13. bxc4 Bc6 14. Kh1 Re8 15. Ne4 Nf5 16. Nf6+ Bxf6 17. Bxf5 Bxf3 18. Qxf3 Qxd4 19. Rfd1 Qxc4 20. Rac1 Qb5 21. Bd3 Qa5 22. Bxg6 Bg7 23. Bxf7+ Kxf7 24. Rd7+ Kg8 25. Qg3 1-0